Catálogo

HIDRAULICA DE LOS CANALES ABIERTOS (Registro nro. 4558)

Detalles MARC
000 -LEADER
fixed length control field 00469nam a2200181 a 4500
001 - CONTROL NUMBER
control field 4558
005 - DATE AND TIME OF LATEST TRANSACTION
control field 20180713184429.0
008 - FIXED-LENGTH DATA ELEMENTS--GENERAL INFORMATION
fixed length control field 140415s1990 mx 000 0 spa d
041 ## - LANGUAGE CODE
Language code of text/sound track or separate title spa
082 ## - DEWEY DECIMAL CLASSIFICATION NUMBER
Classification number 627.13
Item number CHO
100 1# - MAIN ENTRY--PERSONAL NAME
Personal name CHOW, VEN TE
245 10 - TITLE STATEMENT
Title HIDRAULICA DE LOS CANALES ABIERTOS
250 ## - EDITION STATEMENT
Edition statement 1a ed.
260 ## - PUBLICATION, DISTRIBUTION, ETC.
Place of publication, distribution, etc. MEXICO :
Name of publisher, distributor, etc. DIANA,
Date of publication, distribution, etc. 1990
300 ## - PHYSICAL DESCRIPTION
Extent 633
650 14 - SUBJECT ADDED ENTRY--TOPICAL TERM
Topical term or geographic name entry element HIDRAULICA (INGENIERIA HIDRAULICA)
700 1# - ADDED ENTRY--PERSONAL NAME
Personal name VAL, ALBERTO
Relator term tr.
Existencias
Withdrawn status Lost status Source of classification or shelving scheme Damaged status Not for loan Collection code Home library Current library Shelving location Date acquired Source of acquisition Inventory number Total Checkouts Full call number Barcode Date last seen Date last checked out Price effective from Koha item type
    Dewey Decimal Classification     General Biblioteca Karol Wojtyla Biblioteca Karol Wojtyla Sala general 03/12/2013 Compra 151000000000000000012086 2 627.13 CHO 25692 05/01/2026 02/05/2023 03/12/2013 Libro
    Dewey Decimal Classification     General Biblioteca Karol Wojtyla Biblioteca Karol Wojtyla Sala general 03/12/2013 Compra 151000000000000000012085 1 627.13 CHO 16065 05/01/2026 20/05/2019 03/12/2013 Libro